000 00243nam a2200097Ia 4500
008 230508s2005 xx 000 0 und d
041 _aeng
100 _aS.L.GAVHALE
245 _aAUTOMOBILE ENGINEERING - 5ED
260 _bNIRALI PUBLI.PUNE
_c2005
999 _c337112
_d337112